Fast Typing 1 to 80 - Statistics

General Stats
  • This quiz has been taken 58 times
  • The average score is 66 of 80
Answer Stats
Answer % Correct
1
100%
2
100%
12
97%
13
97%
14
97%
15
97%
16
97%
17
97%
18
97%
19
97%
20
97%
21
97%
22
97%
23
97%
24
97%
25
97%
26
97%
27
97%
28
97%
29
97%
3
97%
30
97%
31
97%
32
97%
4
97%
5
97%
6
97%
7
97%
10
94%
11
94%
33
94%
34
94%
35
94%
36
94%
37
94%
38
94%
39
94%
40
94%
41
94%
42
94%
43
94%
44
94%
45
94%
8
94%
9
94%
46
91%
47
91%
48
91%
49
91%
50
91%
51
89%
52
86%
53
86%
54
86%
55
83%
56
83%
57
77%
58
77%
59
77%
60
74%
61
69%
62
69%
63
69%
64
69%
65
63%
66
57%
67
49%
68
49%
69
49%
70
46%
74
46%
71
43%
72
43%
73
43%
75
43%
76
40%
77
37%
78
37%
79
26%
80
26%
No matching quizzes found
Score Distribution
Percent of People with Each Score
Percentile by Number Answered
Your Score History
You have not taken this quiz